000 00344nam a2200133Ia 4500
008 151001s9999||||xx |||||||||||||| ||und||
100 _aभाऊ पाध्ये
245 _aवैतागवाडी
250 _a1
260 _bसाधना प्रकाशन पुणे
260 _c1964
300 _a173
365 _b7
999 _c953623
_d953620